000 00594nam a2200193Ia 4500
005 20250508163509.0
008 008 250505s9999 xx 000 0 hin d
037 _aDissertations
040 _aFEDL
_beng
_cFEDL
041 _ahin
_2eng
084 _a375.3, GUP/DI
_qFEDL
100 _aGupta Archna
_9775462
245 0 _aMadhyamik kakshao ke vidyarthiyo ki samaj vigyan vishye ke prati ruchi evam abhivriti ka addhyan
260 _c1994
300 _a61p.
546 _aM. Ed. Dissertation (Delhi University)
942 _cDIS
_h375.3, GUP/DI
999 _c1383696
_d1383696